Statistics for Biggest City In Every Century

Click here to take the quiz!

General Stats

  • This quiz has been taken 58 times
  • The average score is 13 of 21

Answer Stats

HintAnswer% Correct
1900London
94%
1800Beijing
91%
1700Beijing
91%
1600Beijing
91%
1500Beijing
91%
0Rome
91%
100Rome
91%
200Rome
91%
300Rome
91%
400Rome
91%
2000Tokyo
89%
600Istanbul
47%
500Istanbul
47%
900Baghdad
45%
1100Baghdad
45%
1000Baghdad
45%
1400Nanjing
28%
800Chang'an
23%
700Chang'an
23%
1200Hangzhou
13%
1300Hangzhou
13%

Score Distribution

Percentile by Number Answered

Percent of People with Each Score

Your Score History

You have not taken this quiz